| 000 | 00595nam a2200193Ia 4500 | ||
|---|---|---|---|
| 008 | 140925s9999 xx 000 0 und d | ||
| 020 | _a2329-9525 | ||
| 245 |
_aJournal of Psychological Abnormalities in Children / _h[electronic resource] |
||
| 260 |
_bOMICS Group, _cc2014. |
||
| 516 | _aElectronic text | ||
| 650 | _aAbnormalities. | ||
| 650 | _aJournal. | ||
| 650 | _aPsychological. | ||
| 650 | _aSpecial Education. | ||
| 830 | _aOMICS GroupĀ | ||
| 856 | _uhttp://esciencecentral.org/journals/psychological-abnormalities-children.php | ||
| 942 | _cEJ | ||
| 999 |
_c275729 _d275729 |
||